| 000 | 01321nas a2200409 4500 | ||
|---|---|---|---|
| 001 | BR2013003439 | ||
| 003 | BR-BrBNA | ||
| 005 | 20231205122248.0 | ||
| 007 | ta | ||
| 008 | 230509b bl.|||p| |||| 00| 00por d | ||
| 040 |
_aBR-BrBNA _bpor _cBiblioteca Nacional de Agricultura |
||
| 041 | _a(Pt) | ||
| 072 | _aL53 | ||
| 100 | 1 | _aPrado, O.R. | |
| 100 | 1 | _aBastos, G.M. | |
| 100 | 1 | _aMonteiro, A.L.G. | |
| 100 | 1 | _aSaab, B.B | |
| 100 | 1 | _aGilaverte, S. | |
| 100 | 1 | _aPierobom, C.C. | |
| 100 | 1 | _aHentz, F. | |
| 100 | 1 | _aMartins, L.H.S. | |
| 100 | 1 | _aSilva, C.J.A. | |
| 100 | 1 | _aDranca, G.S. | |
| 100 | 1 | _aStivari, T.S.S. | |
| 100 | 1 | _aCerqueira, G. | |
| 100 | 1 | _a | |
| 245 | 1 | _aAdição de plasma seminal ao sêmen descongelado e taxa de prenhez de ovelhas inseminadas em tempo fixo | |
| 246 | 1 | _aAddition of seminal plasma to frozen-thawed semen and pregnancy rate of fixed time inseminated ewes | |
| 650 | _aOVINO | ||
| 650 | _aSÊMEN | ||
| 650 | _aINSEMINAÇÃO ARTIFICIAL | ||
| 650 | _aREPRODUÇÃO ANIMAL | ||
| 773 | 0 |
_tArquivo Brasileiro de Medicina Veterinária e Zootecnia (Brazil) _xISSN 0102-0935 _g(Feb 2013), v. 65(1) p. 13-18 _wBR2013003439 |
|
| 856 | 4 | 0 | _uhttp://www.scielo.br/pdf/abmvz/v65n1/a03v65n1.pdf |
| 909 |
_a202311 _bLúcia _c55 _dLúcia Elande |
||
| 942 |
_2AGRIS _n0 _cANA |
||
| 999 |
_c227758 _d227758 |
||